| 000 | 01019cam a2200313 4500 | ||
|---|---|---|---|
| 008 | 090401t1996 xxu||||| |||| 00| 0 eng d | ||
| 020 | _a0854067493 | ||
| 035 | _a(Sirsi) u64390 | ||
| 041 | _aeng | ||
| 050 | _a333.33 | ||
| 090 | _aRICS 1996/2ABCD | ||
| 110 |
_aRoyal Institution of Chartered Surveyors _94900 |
||
| 245 | _aEconomic cycles and property cycles : the Royal Institution of Chartered Surveyors annual review of the relationship between economic cycles and property cycles for the year ending 1994. | ||
| 260 |
_aLondon _bRICS _c1996 |
||
| 300 | _a19p. ; 30cm. | ||
| 350 | _a9.95 | ||
| 650 | _aPROPERTY-COMMERCIAL PROPERTY | ||
| 650 | _aDEVELOPMENT CYCLES | ||
| 650 | _aECONOMIC CYCLES | ||
| 650 | _aPROPERTY CYCLES | ||
| 650 | _aPROPERTY INVESTMENT | ||
| 650 | _aRENTAL CYCLES | ||
| 650 | _aYIELDS | ||
| 690 | _aBUILT ENVIRONMENT-BUILDING PATHOLOGY | ||
| 710 |
_aUniversity of Aberdeen _92596 |
||
| 710 |
_aInvestment Property Databank _92288 |
||
| 942 | _n0 | ||
| 948 | _c04/03/1997 | ||
| 999 |
_c94673 _d94673 |
||